The use of ENGLISH for higher education / (Record no. 7647)

MARC details
000 -LEADER
fixed length control field 00743nam a2200169 4500
020 ## - INTERNATIONAL STANDARD BOOK NUMBER
ISBN 9781754028
050 ## - CALL NUMBER
Classification number PE3502
Item number .Us2
100 ## - AUTHOR
Personal name Oluikpe, Benson Omenihu A
245 ## - TITLE
Title The use of ENGLISH for higher education /
Statement of responsibility, etc B. O. A. Oluikpe
250 ## - EDITION
Edition statement New ed.
260 ## - PUBLICATION INFORMATION
Place of publication Onitsha, Nigeria;
Name of publisher Africana-First Publishers Ltd,
Year of publication 1981.
300 ## - DESCRIPTION
Number of Pages ix, 422pages;
Dimensions 12cm.
500 ## - NOTES
General note Includes index
505 ## - FORMATTED CONTENTS NOTE
Table of Content Part 1. Developing study skill<br/>Part 2. Preparing for effective writing<br/>Part 3. Developing general writing skill<br/>Part 4. Developing functional writing skill<br/>Part 5. Developing research techniques and research writing
650 ## - SUBJECTS
Topical Term Learning the English Language /
General subdivision skill development for higher learning students
942 ## - ADDED ENTRY ELEMENTS (KOHA)
Koha item type Books
Holdings
Withdrawn status Lost status Collection code Home library Current library Shelving location Date acquired Full call number Accession Number Koha item type
    Reference Methodist University Library Main Methodist University Library Main General Stacks 04/10/2009 PE3502 .Us2 23308 Books
Copyright © 2026  MUG Library